Jaki to język? - Statystyki

Ogólne statystyki
  • Ten quiz został rozwiązany 2 322 razy
  • Średni wynik to 8 z 15
Statystyki odpowiedzi
Słowa Język % Poprawnych
Ciepłe dni polski
100%
溫暖的日子 chiński
90%
أيام دافئة arabski
81%
暖かい日 japoński
77%
warme Tage niemiecki
75%
dias quentes portugalski
75%
días cálidos hiszpański
73%
teplé dny czeski
68%
journées chaudes francuski
59%
ζεστές μέρες grecki
41%
những ngày ấm áp wietnamski
27%
varme dager norweski
26%
warme dagen niderlandzki
21%
toplih dana chorwacki
12%
ມື້ອົບອຸ່ນ laotański
5%
Nie znaleziono quizów pasujących do podanych kryteriów
Rozkład punktacji
Procent ludzi z każdym wynikiem
Percentyl według liczby udzielonych odpowiedzi
Twoja historia wyników
Nie rozwiązałeś tego quizu